| 000 | 00896cam a2200289 i 4500 | ||
|---|---|---|---|
| 999 |
_c10356 _d10356 |
||
| 003 | OSt | ||
| 005 | 20220315165006.0 | ||
| 008 | 211102s2021 ii a 000 0 eng d | ||
| 020 |
_a9789354190742 _q(hardback) |
||
| 020 | _a935419074X | ||
| 037 | _bLibrary of Congress -- New Delhi Overseas Office | ||
| 042 |
_alccopycat _alcode |
||
| 050 | 0 | 0 |
_aPR9499.4.B466 _bW36 2021 |
| 082 | 0 | 4 |
_a821.91 _223 |
| 100 | 1 |
_aBeri, Shirish, _eauthor. |
|
| 245 | 1 | 0 |
_aWanderings and ponderings / _cShirish Beri. |
| 300 |
_a272 pages : _billustrations (black and white, and colour) ; _c21 cm |
||
| 600 | 1 | 0 |
_aBeri, Shirish _xTravel _vPoetry. |
| 650 | 0 |
_aVoyages and travels _vPoetry. |
|
| 650 | 0 |
_aArchitecture _vPoetry. |
|
| 650 | 7 |
_aArchitecture. _2fast |
|
| 650 | 7 |
_aTravel. _2fast |
|
| 650 | 7 |
_aVoyages and travels. _2fast |
|
| 655 | 0 | _aIndic poetry (English) | |
| 655 | 7 |
_aPoetry. _2fast |
|
| 942 | _2ddc | ||